[Event "LSS CP-2009-P-00052"]
[Site "LSS email"]
[Date "2009.09.27"]
[Round "?"]
[White "Zielinski, Sergej"]
[Black "Leglise, Alain"]
[Result "1-0"]
[WhiteElo "2174"]
[BlackElo "1587"]
[PlyCount "27"]
[EventDate "2009.10.01"]
[EventType "tourn (corr)"]
[EventRounds "6"]
[EventCountry "GER"]
[SourceTitle "Corr 2013"]
[Source "ChessBase"]
[SourceDate "2012.11.12"]
[SourceVersion "1"]
[SourceVersionDate "2012.11.12"]
[SourceQuality "1"]
[WhiteTeam "US of America"]
[BlackTeam "US of America"]
[WhiteTeamCountry "USA"]
[BlackTeamCountry "USA"]

1. e4 e5 2. Nf3 Nc6 3. Bb5 a6 4. Bxc6 dxc6 5. 0-0 Bg4 6. h3 Bh5 7. g4 Bg6 8. Nxe5 Bd6 9. Nxg6 hxg6 10. Qf3 Qh4 11. Kg2 c5 12. Na3 Ne7 13. d3 Nc6 14. Be3 1-0

[Event "LSS RD-2009-0-00023"]
[Site "LSS email"]
[Date "2009.06.01"]
[Round "?"]
[White "Laureles, Raymundo"]
[Black "Leglise, Alain"]
[Result "0-1"]
[WhiteElo "1547"]
[BlackElo "1547"]
[PlyCount "68"]
[EventDate "2009.03.24"]
[EventType "tourn (corr)"]
[EventRounds "6"]
[EventCountry "GER"]
[SourceTitle "Corr 2011"]
[Source "ChessBase"]
[SourceDate "2010.08.31"]
[SourceVersion "1"]
[SourceVersionDate "2010.08.31"]
[SourceQuality "1"]

1. e4 e5 2. Nf3 Nc6 3. Bb5 a6 4. Bxc6 dxc6 5. 0-0 Bg4 6. h3 Bxf3 7. Qxf3 Qf6 8. Qb3 0-0-0 9. d3 Ne7 10. Qc3 Ng6 11. f4 b6 12. g3 Bc5+ 13. Kg2 Bd4 14. Qa3 exf4 15. Nc3 Nh4+ 16. gxh4 Qg6+ 17. Kh1 f3 18. Bg5 h6 19. Rxf3 hxg5 20. hxg5 Qxg5 21. Qxa6+ Kb8 22. Ne2 Qg4 23. Nxd4 Rxh3+ 24. Rxh3 Qxh3+ 25. Kg1 Qe3+ 26. Kg2 Rd6 27. Rh1 Rg6+ 28. Kf1 Qc1+ 29. Ke2 Qxh1 30. Kd2 Qh2+ 31. Kc3 Qe5 32. Qc4 c5 33. a3 Qxd4+ 34. Qxd4 cxd4+ 0-1

[Event "LSS OP-2009-0-00863"]
[Site "LSS email"]
[Date "2009.05.31"]
[Round "?"]
[White "Leglise, Alain"]
[Black "Urbaniak, Marcin"]
[Result "0-1"]
[WhiteElo "1614"]
[BlackElo "1444"]
[PlyCount "100"]
[EventDate "2009.05.26"]
[EventType "tourn (corr)"]
[EventRounds "4"]
[EventCountry "GER"]
[SourceTitle "Telechess CBM 137"]
[Source "ChessBase"]
[SourceDate "2010.07.15"]
[SourceVersion "1"]
[SourceVersionDate "2010.07.15"]
[SourceQuality "1"]

1. e4 e5 2. Nf3 Nf6 3. d4 Nxe4 4. Bd3 d5 5. Nxe5 Nd7 6. 0-0 Nxe5 7. dxe5 Nc5 8. Be2 Be7 9. Nc3 c6 10. b4 d4 11. bxc5 dxc3 12. Be3 0-0 13. Bc4 Be6 14. Bxe6 fxe6 15. Qg4 Rf5 16. Rad1 Qc7 17. Qc4 Qxe5 18. Rd7 Bxc5 19. Bxc5 Qxc5 20. Qxc5 Rxc5 21. Re7 Rb5 22. h3 Kf8 23. Rd7 Rb2 24. Rc1 b5 25. a3 Ra2 26. a4 Rxa4 27. Re1 Re8 28. Re3 Re7 29. Rd8+ Kf7 30. Rf3+ Kg6 31. Rxc3 Rc7 32. Re3 Kf7 33. Rf3+ Ke7 34. Rdf8 Kd6 35. R3f7 Rxf7 36. Rxf7 a5 37. Rxg7 Ra1+ 38. Kh2 Ra2 39. Rxh7 Rxc2 40. h4 Rxf2 41. Ra7 b4 42. h5 b3 43. h6 Rf5 44. h7 Rh5+ 45. Kg3 c5 46. Kg4 Rh1 47. Rxa5 Rxh7 48. Rb5 c4 49. Kf3 Kc6 50. Rb4 Kc5 0-1

[Event "LSS RD-2009-0-00023"]
[Site "LSS email"]
[Date "2009.05.31"]
[Round "?"]
[White "Leglise, Alain"]
[Black "Vio, Mauro"]
[Result "1-0"]
[WhiteElo "1574"]
[BlackElo "1561"]
[PlyCount "99"]
[EventDate "2009.03.24"]
[EventType "tourn (corr)"]
[EventRounds "6"]
[EventCountry "GER"]
[SourceTitle "Corr 2011"]
[Source "ChessBase"]
[SourceDate "2010.08.31"]
[SourceVersion "1"]
[SourceVersionDate "2010.08.31"]
[SourceQuality "1"]

1. d4 Nf6 2. Nc3 d5 3. Nf3 Bf5 4. e3 e6 5. Be2 Ne4 6. Nxe4 dxe4 7. Ne5 f6 8. Nc4 Nc6 9. 0-0 Be7 10. Nd2 0-0 11. c3 Bg6 12. Qb3 Qc8 13. Qc2 f5 14. b4 Qd7 15. Nb3 b6 16. b5 Nd8 17. c4 a6 18. Bb2 f4 19. exf4 axb5 20. cxb5 Rxf4 21. Qd2 Rf8 22. Qc3 Nf7 23. a4 Nd6 24. Nd2 Bg5 25. Nc4 Nxc4 26. Bxc4 Kh8 27. Bb3 Bf4 28. Rae1 Rf6 29. Bc1 Raf8 30. Bxf4 Rxf4 31. Rc1 R4f7 32. Qe3 Rd8 33. Rc4 Qd6 34. Rfc1 Rdf8 35. Rc6 Qf4 36. R6c2 Qf5 37. h3 h5 38. Rxc7 Qxf2+ 39. Qxf2 Rxf2 40. Rc8 e3 41. Rxf8+ Rxf8 42. Bxe6 Rf6 43. Bc4 Kh7 44. Re1 Rf4 45. a5 bxa5 46. b6 Rxd4 47. b7 Rd8 48. Rxe3 a4 49. Bd5 Rb8 50. Rc3 1-0

[Event "IECG CP.2001.P.00004"]
[Site "IECG email"]
[Date "2001.10.01"]
[Round "?"]
[White "Altea, Eduardo"]
[Black "Leglise, Alain"]
[Result "0-1"]
[WhiteElo "1600"]
[BlackElo "1300"]
[PlyCount "96"]
[EventDate "2001.10.01"]
[EventType "tourn (corr)"]
[EventRounds "6"]
[SourceTitle "Corr 2008"]
[Source "ChessBase"]
[SourceDate "2008.06.24"]
[SourceVersion "1"]
[SourceVersionDate "2008.06.24"]
[SourceQuality "1"]

1. e4 c5 2. Nf3 d6 3. d4 cxd4 4. Nxd4 Nf6 5. Nc3 e6 6. g4 h6 7. h4 Nc6 8. Rg1 d5 9. exd5 Nxd5 10. Nxd5 exd5 11. Qe2+ Be7 12. Be3 Nxd4 13. Bxd4 0-0 14. 0-0-0 Re8 15. Qf3 Bxh4 16. Bd3 Be6 17. Bf5 Rc8 18. Rge1 Bf6 19. Bxe6 fxe6 20. Bxf6 Qxf6 21. Qe3 Qg6 22. Qe2 Qg5+ 23. Kb1 Qf6 24. Rd3 Rf8 25. f4 Rc6 26. Re3 Qg6 27. Rf1 Rc4 28. Rxe6 Rxc2 29. Qxc2 Qxe6 30. f5 Qe4 31. Qxe4 dxe4 32. Kc2 g6 33. Kd2 Kg7 34. Ke3 gxf5 35. gxf5 Kf6 36. Kxe4 Re8+ 37. Kf4 Re5 38. Kg4 h5+ 39. Kxh5 Rxf5+ 40. Rxf5+ Kxf5 41. Kh4 Ke4 42. Kg5 Kd3 43. Kf5 Kc2 44. b4 b5 45. Ke4 Kb2 46. Kd4 Kxa2 47. Kc5 a6 48. Kb6 Kb3 0-1

[Event "IECG CE.2001.0.00005 email"]
[Site "IECG email"]
[Date "2001.06.19"]
[Round "?"]
[White "Aguilar, Sebastian"]
[Black "Leglise, Alain"]
[Result "1/2-1/2"]
[WhiteElo "1229"]
[BlackElo "1300"]
[PlyCount "65"]
[EventDate "2001.06.19"]
[EventType "tourn (corr)"]
[EventRounds "6"]
[SourceTitle "Corr 2008"]
[Source "ChessBase"]
[SourceDate "2008.06.24"]
[SourceVersion "1"]
[SourceVersionDate "2008.06.24"]
[SourceQuality "1"]

1. e4 e5 2. Nf3 Nc6 3. Bc4 Nf6 4. d3 Bc5 5. c3 d6 6. b4 Bb6 7. a4 a5 8. b5 Ne7 9. 0-0 0-0 10. Nbd2 Ng6 11. Bb3 c6 12. Ba3 cxb5 13. axb5 Bg4 14. h3 Be6 15. d4 Bxb3 16. Qxb3 Re8 17. Rfe1 exd4 18. cxd4 d5 19. e5 Nh5 20. g3 Qd7 21. Kh2 a4 22. Qd3 Rec8 23. Rac1 Ba5 24. Ng5 Rxc1 25. Rxc1 Bxd2 26. Qxd2 h6 27. e6 fxe6 28. Qd3 Qe8 29. Nf3 Nf6 30. Rc7 b6 31. Rb7 Ne4 32. Qc2 Rc8 33. Qxa4 1/2-1/2

[Event "IECG CE.2001.0.00005 email"]
[Site "IECG email"]
[Date "2001.06.19"]
[Round "?"]
[White "Poblete, Litos"]
[Black "Leglise, Alain"]
[Result "0-1"]
[WhiteElo "1212"]
[BlackElo "1300"]
[PlyCount "58"]
[EventDate "2001.06.19"]
[EventType "tourn (corr)"]
[EventRounds "6"]
[SourceTitle "Corr 2008"]
[Source "ChessBase"]
[SourceDate "2008.06.24"]
[SourceVersion "1"]
[SourceVersionDate "2008.06.24"]
[SourceQuality "1"]

1. d4 d5 2. c4 e6 3. Nc3 Nf6 4. Bg5 Be7 5. e3 0-0 6. Nf3 h6 7. Bh4 b6 8. cxd5 Nxd5 9. Bxe7 Qxe7 10. Nxd5 exd5 11. Bd3 Be6 12. 0-0 c5 13. dxc5 bxc5 14. Rc1 Nd7 15. Qa4 c4 16. Bb1 a5 17. Nd4 Ne5 18. e4 Qb7 19. exd5 Bxd5 20. Qc2 Nd3 21. Nf5 Be6 22. Ne3 Rfc8 23. Rcd1 Qxb2 24. Qa4 Nf4 25. Qc2 Qxc2 26. Nxc2 Ne2+ 27. Kh1 Nc3 28. Rd6 Rcb8 29. Na3 Rb2 0-1